| 000 | 00711nam a2200193 a 4500 | ||
|---|---|---|---|
| 001 | 000039801 | ||
| 005 | 20201002033737.0 | ||
| 008 | 130722s1994 xxud 000 0 spa d | ||
| 020 | _a0201601206 | ||
| 040 |
_aDO-SdBNP _bspa _cBNPHU |
||
| 082 | _axxx | ||
| 100 | 1 |
_aBatini, Carlo _965996 |
|
| 240 | 1 | 0 |
_aConceptual database design: An entity-relationship approach _lespañol |
| 245 | 1 | 0 |
_aDiseño conceptual de bases de datos : _bUn enfoque de entidades-interrelaciones / _cCarlo Batini, Stefano Ceri, Shamkant B. Navathe. |
| 260 |
_aEstados Unidos : _bAddison-Wesley Iberoamericana, _c1994. |
||
| 300 |
_a546 p. : _bdiagrs. ; _c24 cm. |
||
| 700 | 1 |
_aCeri, Stefano _965997 |
|
| 700 | 1 |
_aNavathe, Shamkant B. _947464 |
|
| 999 |
_c39291 _d39291 |
||